| 000 | nam a22 7a 4500 | ||
|---|---|---|---|
| 999 |
_c17614 _d17614 |
||
| 008 | 161128b xxu||||| |||| 00| 0 eng d | ||
| 020 | _a9781121065895 | ||
| 020 | _a1121065899 | ||
| 050 |
_aTA170 _b.M43 2014 |
||
| 100 | _aMechanical engineering | ||
| 245 |
_aMechanical Engineering/ _cMechanical Engineering. |
||
| 260 |
_aUSA : _bMcGraw Hill Education, _cc2014 |
||
| 300 |
_aiv, 156p. : _bill. ; _c28cm. |
||
| 650 | _aEnvironmental engineering. | ||
| 942 |
_2lcc _cBOOKS _hTA170 .M43 2014 |
||